MARC

LEADER 00000nam0a2200000 4500
001 282345
005 20231101235505.0
035 |a (RuTPU)RU\TPU\book\306230 
035 |a RU\TPU\book\218282 
090 |a 282345 
100 |a 20150130d1983 k y0rusy5003 ca 
101 0 |a rus 
102 |a RU 
105 |a a z 001zy 
200 1 |a Реология, процессы и аппараты химической технологии  |e межведомственный сборник научных трудов  |f Волгоградский политехнический институт (ВПИ); под ред. Н. В. Тябина 
210 |a Волгоград  |c Изд-во ВПИ  |d 1983 
215 |a 136 с.  |c ил. 
320 |a Библиогр. в конце статей 
606 1 |a Химическая технология  |x Общие вопросы  |2 stltpush  |3 (RuTPU)RU\TPU\subj\68259  |9 83693 
610 1 |a реология 
610 1 |a химические процессы 
610 1 |a химические аппараты 
610 1 |a жидкости 
610 1 |a теория переноса 
610 1 |a применение 
610 1 |a фильтрование 
610 1 |a полимеры 
610 1 |a гидравлическое сопротивление 
610 1 |a сушка 
610 1 |a теплообмен 
610 1 |a полиметакрилаты 
610 1 |a химические реакции 
610 1 |a автоматическое управление 
610 1 |a изотермические течения 
610 1 |a турбулентные течения 
610 1 |a неньютоновские жидкости 
610 1 |a научные труды 
675 |a 66  |v 4 
702 1 |a Тябин  |b Н. В.  |g Николай Васильевич  |4 340 
712 0 2 |a Волгоградский политехнический институт (ВПИ)  |2 stltpush  |3 (RuTPU)RU\TPU\col\4581 
801 0 |a RU  |b 63413507  |c 19950417  |g psbo 
801 1 |a RU  |b 63413507  |c 20110902 
801 2 |a RU  |b 63413507  |c 20170502  |g RCR 
942 |c BK